<?xml version="1.0" encoding="UTF-8"?>
<record
    xmlns:xsi="http://www.w3.org/2001/XMLSchema-instance"
    xsi:schemaLocation="http://www.loc.gov/MARC21/slim http://www.loc.gov/standards/marcxml/schema/MARC21slim.xsd"
    xmlns="http://www.loc.gov/MARC21/slim">

  <leader>01386nem0a2200313   4500</leader>
  <controlfield tag="001">RU\NLR\BIBL_A\022445891</controlfield>
  <controlfield tag="005">20250627132514.0</controlfield>
  <datafield tag="010" ind1=" " ind2=" ">
    <subfield code="a">978-5-09-120625-8</subfield>
    <subfield code="9">2 000</subfield>
  </datafield>
  <datafield tag="021" ind1=" " ind2=" ">
    <subfield code="a">RU</subfield>
    <subfield code="b">&#x41A;&#x410;-&#x41F;-24-000205</subfield>
  </datafield>
  <datafield tag="035" ind1=" " ind2=" ">
    <subfield code="a">(NLR Aleph) 022445891</subfield>
  </datafield>
  <datafield tag="090" ind1=" " ind2=" ">
    <subfield code="a">13355387</subfield>
    <subfield code="c">13355387</subfield>
  </datafield>
  <datafield tag="100" ind1=" " ind2=" ">
    <subfield code="a">20250205d2025    |||y0rusy50      ca</subfield>
  </datafield>
  <datafield tag="101" ind1="0" ind2=" ">
    <subfield code="a">rus</subfield>
  </datafield>
  <datafield tag="102" ind1=" " ind2=" ">
    <subfield code="a">RU</subfield>
  </datafield>
  <datafield tag="120" ind1=" " ind2=" ">
    <subfield code="a">bya    xx||  </subfield>
  </datafield>
  <datafield tag="123" ind1="3" ind2=" ">
    <subfield code="a">a</subfield>
    <subfield code="b">25000000</subfield>
    <subfield code="b">1100000</subfield>
  </datafield>
  <datafield tag="200" ind1="1" ind2=" ">
    <subfield code="a">&#x413;&#x435;&#x43E;&#x433;&#x440;&#x430;&#x444;&#x438;&#x44F;.</subfield>
    <subfield code="b">&#x41A;&#x430;&#x440;&#x442;&#x44B;</subfield>
    <subfield code="e">&#x410;&#x442;&#x43B;&#x430;&#x441;: 10-11 &#x43A;&#x43B;&#x430;&#x441;&#x441;&#x44B;</subfield>
    <subfield code="f">&#x421;&#x43E;&#x441;&#x442;. &#x438; &#x43F;&#x43E;&#x434;&#x433;&#x43E;&#x442;. &#x43A; &#x438;&#x437;&#x434;. &#x410;&#x41E; "&#x418;&#x437;&#x434;&#x430;&#x442;&#x435;&#x43B;&#x44C;&#x441;&#x442;&#x432;&#x43E; "&#x41F;&#x440;&#x43E;&#x441;&#x432;&#x435;&#x449;&#x435;&#x43D;&#x438;&#x435;" &#x432; 2019 &#x433;.</subfield>
    <subfield code="g">&#x410;&#x432;&#x442;.-&#x441;&#x43E;&#x441;&#x442;. &#x410;. &#x415;. &#x41A;&#x43E;&#x437;&#x430;&#x440;&#x435;&#x43D;&#x43A;&#x43E;, &#x420;&#x435;&#x434;. &#x410;. &#x412;. &#x421;&#x438;&#x43B;&#x44C;&#x44F;&#x43D;&#x43E;&#x432;&#x430;</subfield>
  </datafield>
  <datafield tag="206" ind1=" " ind2=" ">
    <subfield code="a">[&#x41C;-&#x431;&#x44B; &#x440;&#x430;&#x437;&#x43D;&#x44B;&#x435;]</subfield>
  </datafield>
  <datafield tag="210" ind1=" " ind2=" ">
    <subfield code="a">&#x41C;&#x43E;&#x441;&#x43A;&#x432;&#x430;</subfield>
    <subfield code="c">&#x41F;&#x440;&#x43E;&#x441;&#x432;&#x435;&#x449;&#x435;&#x43D;&#x438;&#x435;</subfield>
    <subfield code="d">2025</subfield>
  </datafield>
  <datafield tag="215" ind1=" " ind2=" ">
    <subfield code="a">1 &#x430;&#x442;&#x43B;. (40 &#x441;.)</subfield>
    <subfield code="c">&#x446;&#x432;., &#x442;&#x435;&#x43A;&#x441;&#x442;, &#x438;&#x43B;.</subfield>
    <subfield code="d">21&#x445;30&#x43C;</subfield>
  </datafield>
  <datafield tag="509" ind1="0" ind2="1">
    <subfield code="7">ca</subfield>
    <subfield code="a">&#x41C;&#x438;&#x440;</subfield>
    <subfield code="9">2633185</subfield>
    <subfield code="3">RU\NLR\auth_crt\551</subfield>
  </datafield>
  <datafield tag="606" ind1="1" ind2=" ">
    <subfield code="a">&#x42D;&#x43A;&#x43E;&#x43D;&#x43E;&#x43C;&#x438;&#x447;&#x435;&#x441;&#x43A;&#x430;&#x44F; &#x433;&#x435;&#x43E;&#x433;&#x440;&#x430;&#x444;&#x438;&#x44F;</subfield>
    <subfield code="j">&#x410;&#x442;&#x43B;&#x430;&#x441;&#x44B; &#x443;&#x447;&#x435;&#x431;&#x43D;&#x44B;&#x435; &#x434;&#x43B;&#x44F; &#x441;&#x440;&#x435;&#x434;&#x43D;&#x435;&#x439; &#x448;&#x43A;&#x43E;&#x43B;&#x44B;</subfield>
    <subfield code="9">944451</subfield>
    <subfield code="3">RU\NLR\AUTH\6631366</subfield>
  </datafield>
  <datafield tag="608" ind1=" " ind2=" ">
    <subfield code="a">&#x421;&#x43E;&#x446;&#x438;&#x430;&#x43B;&#x44C;&#x43D;&#x43E;-&#x44D;&#x43A;&#x43E;&#x43D;&#x43E;&#x43C;&#x438;&#x447;&#x435;&#x441;&#x43A;&#x438;&#x435; &#x430;&#x442;&#x43B;&#x430;&#x441;&#x44B; &#x443;&#x447;&#x435;&#x431;&#x43D;&#x44B;&#x435;</subfield>
    <subfield code="9">2298314</subfield>
    <subfield code="3">RU\NLR\AUTH\6601602904</subfield>
  </datafield>
  <datafield tag="702" ind1=" " ind2="1">
    <subfield code="a">&#x41A;&#x43E;&#x437;&#x430;&#x440;&#x435;&#x43D;&#x43A;&#x43E;</subfield>
    <subfield code="b">&#x410;. &#x415;.</subfield>
    <subfield code="4">070</subfield>
  </datafield>
  <datafield tag="702" ind1=" " ind2="1">
    <subfield code="a">&#x421;&#x438;&#x43B;&#x44C;&#x44F;&#x43D;&#x43E;&#x432;&#x430;</subfield>
    <subfield code="b">&#x410;. &#x412;.</subfield>
    <subfield code="4">340</subfield>
  </datafield>
  <datafield tag="852" ind1=" " ind2=" ">
    <subfield code="a">NLR</subfield>
    <subfield code="b">&#x41A;</subfield>
    <subfield code="j">4-&#x41C;&#x438;&#x440; 6/5259</subfield>
    <subfield code="m">24-205</subfield>
  </datafield>
  <datafield tag="942" ind1=" " ind2=" ">
    <subfield code="c">MAP</subfield>
  </datafield>
  <datafield tag="980" ind1=" " ind2=" ">
    <subfield code="a">NB</subfield>
  </datafield>
  <datafield tag="995" ind1=" " ind2=" ">
    <subfield code="5">2025-02-05</subfield>
    <subfield code="b">NLR02</subfield>
    <subfield code="c">NLR02</subfield>
    <subfield code="e">MAP</subfield>
    <subfield code="f">ERR-347060</subfield>
    <subfield code="k">&#x41A; 4-&#x41C;&#x438;&#x440; 6/5259</subfield>
    <subfield code="o">0</subfield>
    <subfield code="r">MAP</subfield>
    <subfield code="s">_465259</subfield>
  </datafield>
</record>
